<?xml version="1.0" encoding="UTF-8"?>
<collection xmlns="http://www.loc.gov/MARC21/slim">
 <record>
  <leader>00633pamaa2200193   4500</leader>
  <controlfield tag="001">0000017221</controlfield>
  <controlfield tag="005">20060524090000.0</controlfield>
  <datafield tag="020" ind1="0" ind2="0">
   <subfield code="a">052144652ZX </subfield>
  </datafield>
  <datafield tag="082" ind1=" " ind2=" ">
   <subfield code="a">970.015 PHI 1992</subfield>
  </datafield>
  <datafield tag="090" ind1="0" ind2="0">
   <subfield code="a">E111 </subfield>
   <subfield code="b">PHI 1992</subfield>
  </datafield>
  <datafield tag="100" ind1="1" ind2="0">
   <subfield code="a">PHILLIPS </subfield>
  </datafield>
  <datafield tag="245" ind1="1" ind2="4">
   <subfield code="a">The worlds of Christopher Columbus  </subfield>
   <subfield code="c">William D. Phillips and Carla Rahn Phillips.</subfield>
  </datafield>
  <datafield tag="260" ind1="0" ind2="0">
   <subfield code="a">Cambridge: </subfield>
   <subfield code="b">C.U.P., </subfield>
   <subfield code="c">1992.</subfield>
  </datafield>
  <datafield tag="300" ind1=" " ind2=" ">
   <subfield code="a">xii, 322p.: </subfield>
   <subfield code="b">23cm.</subfield>
  </datafield>
  <datafield tag="600" ind1="1" ind2="0">
   <subfield code="a">Columbus, Christopher</subfield>
  </datafield>
  <datafield tag="650" ind1="0" ind2="0">
   <subfield code="a">Explorers -- </subfield>
   <subfield code="x">Biography -- </subfield>
   <subfield code="z">America </subfield>
  </datafield>
  <datafield tag="650" ind1="0" ind2="0">
   <subfield code="a">Explorers -- </subfield>
   <subfield code="x">Biography -- </subfield>
   <subfield code="z">Spain </subfield>
  </datafield>
  <datafield tag="651" ind1="0" ind2="0">
   <subfield code="a">America -- </subfield>
   <subfield code="x">Discovery and exploration -- </subfield>
   <subfield code="z">Spanish </subfield>
  </datafield>
  <datafield tag="700" ind1="1" ind2="1">
   <subfield code="a">Phillips, </subfield>
   <subfield code="h">Carla Rahn </subfield>
  </datafield>
 </record>
</collection>
